Inostrannyj jazyk v sisteme srednego i vysšego obrazovanija : materialy III meždunarodnoj naučno-praktičeskoj konferencii 1-2 oktjabrja 2013 goda /

Korporativní autor: Naučno-izdatel'skij centr "Sociosfera"
Další autoři: Inostrannyj jazyk v sisteme srednego i vysšego obrazovanija, Golandam, Arash, Salijeva, Ljudmila Kazimovna, Šimanskaja, Ol'ga Jur'jevna, 1981-
Jazyk: Ruština
Perština
Angličtina
Vydáno: Praga : Vědecko vydavatelské centrum "Sociosféra - CZ", 2013
Témata:
Fyzický popis: 215 s. ; 30 cm
Language note: Část. anglický a perský text, anglická resumé
Knihy
Uloženo v:
LEADER 02731nam a2200673 a 4500
001 nkc20132510135
003 CZ PrNK
005 20140110100601.0
007 ta
008 131030s2013 xr f 100 0 ruso
015 |a cnb002510135 
020 |a 978-80-87786-64-2  |q (brož.) 
035 |a (OCoLC)870287469 
040 |a BOA001  |b cze 
041 0 |a rus  |a eng  |a per  |b eng 
072 7 |a 81  |x Lingvistika. Jazyky  |2 Konspekt  |9 11 
080 |a 81'1  |2 MRF 
080 |a 81'25  |2 MRF 
080 |a 316.772.4  |2 MRF 
080 |a 81'24  |2 MRF 
080 |a 811.161.1  |2 MRF 
080 |a 373.5/.6+377.1/.3  |2 MRF 
080 |a 378  |2 MRF 
080 |a (062.534)  |2 MRF 
111 2 |a Inostrannyj jazyk v sisteme srednego i vysšego obrazovanija  |n (3. :  |d 2013 :  |c Praha, Česko)  |7 mzk2013798374 
245 1 0 |a Inostrannyj jazyk v sisteme srednego i vysšego obrazovanija :  |b materialy III meždunarodnoj naučno-praktičeskoj konferencii 1-2 oktjabrja 2013 goda /  |c [redakcionnaja kollegija Golandam Araš Karim, Salijeva Ljudmila Kazimovna, Šimanskaja Ol'ga Jur'jevna] 
260 |a Praga :  |b Vědecko vydavatelské centrum "Sociosféra - CZ",  |c 2013 
300 |a 215 s. ;  |c 30 cm 
500 |a Nad názvem: Naučno-izdatel'skij centr "Sociosfera" ... et al. 
500 |a 100 výt. 
504 |a Obsahuje bibliografie a bibliografické odkazy 
546 |a Část. anglický a perský text, anglická resumé 
650 0 7 |a lingvistika  |7 ph115153  |2 czenas 
650 0 7 |a překladatelství  |7 ph124891  |2 czenas 
650 0 7 |a interkulturní komunikace  |7 ph121149  |2 czenas 
650 0 7 |a studium jazyků  |7 ph162895  |2 czenas 
650 0 7 |a jazyková výuka  |7 ph162894  |2 czenas 
650 0 7 |a ruština  |7 ph125351  |2 czenas 
650 0 7 |a střední školy  |7 ph116320  |2 czenas 
650 0 7 |a vysoké školy  |7 ph116649  |2 czenas 
650 0 9 |a linguistics  |2 eczenas 
650 0 9 |a translating  |2 eczenas 
650 0 9 |a intercultural communication  |2 eczenas 
650 0 9 |a language learning  |2 eczenas 
650 0 9 |a language teaching and learning  |2 eczenas 
650 0 9 |a Russian language  |2 eczenas 
650 0 9 |a secondary schools  |2 eczenas 
650 0 9 |a universities and colleges  |2 eczenas 
655 7 |a sborníky konferencí  |7 fd133333  |2 czenas 
655 9 |a proceedings of conferences  |2 eczenas 
700 1 |a Golandam, Arash  |7 mzk2013768543  |4 edt 
700 1 |a Salijeva, Ljudmila Kazimovna  |7 mzk2013768548  |4 edt 
700 1 |a Šimanskaja, Ol'ga Jur'jevna,  |d 1981-  |7 mzk2013798373  |4 edt 
710 2 |a Naučno-izdatel'skij centr "Sociosfera"  |7 olak2013751839 
910 2 |a BOA001  |b 4-1312.716 
990 |a BK 
995 |a 01 
991 |b 201312  |c NOV  |e n 
996 6 |b 2610572093  |c 4-1312.716  |l MZK  |r Sklad / do 1 hodiny  |n 0  |p p.v.  |w 001385663  |u 000010  |a 1  |e BOA001  |j MZK50  |s P